| 000 | 00834nam a2200205 i 4500 | ||
|---|---|---|---|
| 001 | 161720 | ||
| 003 | ES-MaACL | ||
| 005 | 20230906212339.0 | ||
| 008 | 000126s1883 sp |||| | spa d | ||
| 040 |
_aCCPB | B _bspa _cCCPB | B |
||
| 100 | 1 |
_aPerea y Orive, Antonio. _9130990 |
|
| 245 | 1 | 3 |
_aEl galón de cabo de mar ó Manual del marinero / _cpor Antonio Perea y Orive. |
| 250 | _a3ª ed. considerablemente amp. y corr. con numerosas noticias históricas. | ||
| 260 |
_aCádiz : _b[s.n.], _c1883 ( _fimprenta de la Revista Médica de D. Federico Joly) |
||
| 300 |
_a368 p. ; _c19 cm. |
||
| 530 | _aDisponible en formato digital. | ||
| 650 | 4 |
_aMarina de guerra- _zEspaña. _9136467 |
|
| 852 |
_aES-MaACL _jG-11124 _z-- Enc. tela |
||
| 856 |
_uhttp://bdh-rd.bne.es/viewer.vm?id=0000096322&page=1 _zBiblioteca Digital Hispánica |
||
| 999 |
_c161720 _d161720 |
||